Hitler, un film dalla Germania /

Guardat en:
Dades bibliogràfiques
Autor principal: Syberberg, Hans Jürgen (Autor)
Format: Llibre
Idioma:italià
Publicat: Milano : Ubulibri, 1984
Col·lecció:Nuovo cinema tedesco
Etiquetes: Afegir etiqueta
Sense etiquetes, Sigues el primer a etiquetar aquest registre!

MARC

LEADER 00000nam a22000007i 4500
001 IT\ICCU\PUV\0070795
003 ItRI
005 20260115232144.0
008 920505s1984 it |||||| ||||| |||||c
020 |a 9788877480323 
040 |b ita  |c importazione bologna sebina 
041 7 |a ita  |2 ISO-639-2 
100 1 |a Syberberg, Hans Jürgen  |0 IT\ICCU\VIAV\097636  |4 aut 
240 1 0 |a Hitler, ein Film aus Deutschland.  |3 IT\ICCU\PUV\0071009 
245 1 0 |a Hitler, un film dalla Germania /  |c Hans Jurgen Syberberg. 
260 |a Milano :  |b Ubulibri,  |c 1984 
300 |a 297 p. :  |b ill. ;  |c 22 cm. 
830 0 |a Nuovo cinema tedesco  |0 IT\ICCU\RAV\0008706 
942 |2 ddc  |c BK  |n 0 
952 |0 0  |1 0  |4 0  |6 DOC_791_437000000000000_SYB  |7 0  |9 21027  |a BO  |b BO  |d 2026-01-15  |i 5860  |l 0  |o DOC 791.437 SYB  |p BO5860  |r 2026-01-15 23:21:44  |w 2026-01-15  |x [Sebina 5] [1 v.]  |y BK  |z 1 v. 
999 |c 17963  |d 17963